000 01186nas a2200349 c 4500
001 25215
003 ES-MaCES
005 20160415200833.0
008 931207d1900 sp f| | |spa d
022 1 _a0210-1025
035 _aCES19980001955p
_z10199
040 _aES-MaCES
_bspa
_cES-MaCES
041 0 _aspa
_aeng
245 0 0 _aRevista española de economía
260 _a[Madrid (Cardenal H. Oria, 378, 28035)]
_bInstituto de Estudios Fiscales : Madrid (Plaza del Campillo del Mundo Nuevo, 3, 28005) Ministerio de Economía y Hacienda [distribuidor]
300 _av.
_c23 cm
310 _aSemestral
500 _aDescripción basada en: 2ª época, v. 10, 1993, n. 1
500 _aTextos en español e inglés
500 _aTít. tomado de la cub
541 _cCompra
592 _aCerrada
650 4 _aeconomía
_926781
653 1 0 _aEconomía
710 2 _aInstituto de Estudios Fiscales (Madrid)
_94158
866 0 _a1993-1995.
_zUbicación: DEPÓSITO - 10199
867 0 _ares. de art.: 1994-1995.
_zUbicación: DEPÓSITO - 10199
868 0 _aíndice: 1993-1995.
905 _p+
942 _2CES
_cCR
_h0.0.
999 _c25215
_d25215